000 00670nam a2200181Ia 4500
008 100921s9999 xx 000 0 und d
082 _b38474
_a891.463 न 04
100 _aदेशमुख भास्कर.
245 _aअलौकिक स्त्री.
260 _bमंगल दीप प्रकाशन, पुणे.
_c2004
300 _a312
_bकलाभारती वितरण,पुणे
365 _b270
520 _aललित-कादंबरी.
630 _aअलौकिक स्त्री.
650 _aललित-कादंबरी.
730 _aअलौकिक स्त्री.
942 _cBOOK
999 _c787587
_d787584